000 00571nam a2200169Ia 4500
005 20250923145824.0
008 008 250917s9999 xx 000 0 eng d
037 _aTextual
040 _aDSWL
_beng
_cDSWL
041 _aeng
_2eng
084 _aT:3(YX):g'2'N75, N80;3
_qDSWL
245 0 _aReview of social work education in India: Retrospot and prospect second review committee
_cby University Grant Commission.
260 _aNew Delhi
_b UGC India
_c1980
300 _av,239p.
942 _cTEXL
_hT:3(YX):g'2'N75, N80;3
999 _c1456124
_d1456124